Đánh giá tác động của các dự án phát triển tới đói nghèo Sổ tay dành cho cán bộ thực hành (Sách tham khảo)

Nêu các khái niệm và phương pháp đánh giá tác động của các dự án phát triển tới đói nghèo, các ví dụ minh hoạ đánh giá tác động của các dự án hướng tới người nghèo

Zapisane w:
Opis bibliograficzny
1. autor: Baker, Judy L.
Kolejni autorzy: Vũ, Hoàng Linh (dịch)
Format: Książka
Język:Vietnamese
Wydane: Hà Nội Văn hóa- Thông tin 2002
Seria:Những định hướng trong phát triển
Hasła przedmiotowe:
Etykiety: Dodaj etykietę
Nie ma etykietki, Dołącz pierwszą etykiete!
Thư viện lưu trữ: Trung tâm Học liệu Lê Vũ Hùng, Trường Đại học Đồng Tháp
LEADER 01380aam a22002898a 4500
001 00028843
005 20171026081023.0
008 120404s2002 ||||||viesd
020 |c 60000 
041 0 # |a vie 
082 1 4 |a 362.5  |b Đ107GI 
100 0 # |a Baker, Judy L. 
245 1 0 |a Đánh giá tác động của các dự án phát triển tới đói nghèo  |b Sổ tay dành cho cán bộ thực hành (Sách tham khảo)  |c Judy L. Baker; Vũ Hoàng Linh (dịch) 
260 # # |a Hà Nội  |b Văn hóa- Thông tin  |c 2002 
300 # # |a 303 tr.  |c 24 cm. 
490 # # |a Những định hướng trong phát triển 
500 # # |a ĐTTS ghi: Ngân hàng Thế giới. - Thư mục: tr. 121-131 
520 # # |a Nêu các khái niệm và phương pháp đánh giá tác động của các dự án phát triển tới đói nghèo, các ví dụ minh hoạ đánh giá tác động của các dự án hướng tới người nghèo 
653 # # |a Kinh tế thế giới 
653 # # |a xã hội 
653 # # |a Dự án phát triển 
653 # # |a Đói nghèo 
700 1 # |a Vũ, Hoàng Linh  |e dịch 
852 # # |b Kho đọc  |j KD.0013367 
852 # # |j KD.0013367 
910 |d 04/04/2012 
980 # # |a Trung tâm Học liệu Lê Vũ Hùng, Trường Đại học Đồng Tháp